000 003720000a22001450004500
041 0 _aSPA
082 0 4 _aG 863 V2972ci
100 1 _aVargas Llosa, Mario (1936-)
245 1 0 _aLa ciudad y los perros / Mario Vargas Llosa
260 _aBogotá : Oveja Negra
300 _a350 Pag
440 0 _aColección Historia Universal de la Literatura
001 13316
942 _cBK
999 _c42297
_d42297